ARRUPE JESUIT UNIVERSITY

CORONAVIRUS -STOP THE SPREAD - CLEAN,DISINFECT,COVER

Africa since independence : (Record no. 67315)

MARC details
000 -LEADER
fixed length control field 01545pam a2200325 a 4500
001 - CONTROL NUMBER
control field 13502835
003 - CONTROL NUMBER IDENTIFIER
control field ARRUPE
005 - DATE AND TIME OF LATEST TRANSACTION
control field 20170602122425.0
008 - FIXED-LENGTH DATA ELEMENTS--GENERAL INFORMATION
fixed length control field 040226s2004 enkb b 001 0 eng
010 ## - LIBRARY OF CONGRESS CONTROL NUMBER
LC control number 2004044503
020 ## - INTERNATIONAL STANDARD BOOK NUMBER
International Standard Book Number 0333682726 (cloth)
020 ## - INTERNATIONAL STANDARD BOOK NUMBER
International Standard Book Number 0333682734 (paper)
035 ## - SYSTEM CONTROL NUMBER
System control number (OCoLC)ocm54537418
040 ## - CATALOGING SOURCE
Original cataloging agency DLC
Transcribing agency DLC
Modifying agency YDX
-- DLC
043 ## - GEOGRAPHIC AREA CODE
Geographic area code f------
050 00 - LIBRARY OF CONGRESS CALL NUMBER
Classification number DT30.5
Item number .N84 2004
082 00 - DEWEY DECIMAL CLASSIFICATION NUMBER
Classification number 960.3/2
Edition number 22
300 ## - PHYSICAL DESCRIPTION
Other physical details maps ;
Dimensions 24 cm.
100 1# - MAIN ENTRY--PERSONAL NAME
Personal name Nugent, Paul,
Dates associated with a name 1962-
9 (RLIN) 32098
245 10 - TITLE STATEMENT
Title Africa since independence :
Remainder of title a comparative history /
Statement of responsibility, etc Paul Nugent.
260 ## - PUBLICATION, DISTRIBUTION, ETC. (IMPRINT)
Place of publication, distribution, etc Houndmills, Basingstoke, Hampshire ;
-- New York :
Name of publisher, distributor, etc Palgrave Macmillan,
Date of publication, distribution, etc 2004.
300 ## - PHYSICAL DESCRIPTION
Extent xix, 620 p. :
504 ## - BIBLIOGRAPHY, ETC. NOTE
Bibliography, etc Includes bibliographical references (p. 490-607) and index.
651 #0 - SUBJECT ADDED ENTRY--GEOGRAPHIC NAME
Geographic name Africa
General subdivision History
Chronological subdivision 1960-
9 (RLIN) 32099
856 42 - ELECTRONIC LOCATION AND ACCESS
Materials specified Contributor biographical information
Uniform Resource Identifier <a href="http://www.loc.gov/catdir/bios/hol053/2004044503.html">http://www.loc.gov/catdir/bios/hol053/2004044503.html</a>
856 42 - ELECTRONIC LOCATION AND ACCESS
Materials specified Publisher description
Uniform Resource Identifier <a href="http://www.loc.gov/catdir/description/hol053/2004044503.html">http://www.loc.gov/catdir/description/hol053/2004044503.html</a>
856 41 - ELECTRONIC LOCATION AND ACCESS
Materials specified Table of contents
Uniform Resource Identifier <a href="http://www.loc.gov/catdir/toc/fy052/2004044503.html">http://www.loc.gov/catdir/toc/fy052/2004044503.html</a>
856 42 - ELECTRONIC LOCATION AND ACCESS
Materials specified Book review (H-Net)
Uniform Resource Identifier <a href="http://www.h-net.org/reviews/showrev.php?id=24407">http://www.h-net.org/reviews/showrev.php?id=24407</a>
906 ## - LOCAL DATA ELEMENT F, LDF (RLIN)
a 7
b cbc
c orignew
d 1
e ocip
f 20
g y-gencatlg
942 ## - ADDED ENTRY ELEMENTS (KOHA)
Source of classification or shelving scheme Library of Congress Classification
Koha item type Monograph ( Printed materials)
Holdings
Withdrawn status Lost status Source of classification or shelving scheme Damaged status Not for loan Collection code Home library Current library Shelving location Date acquired Total Checkouts Full call number Barcode Date last seen Date checked out Copy number Price effective from Koha item type
    Library of Congress Classification     Main Collection ARRUPE LIBRARY ARRUPE LIBRARY   05/03/2013 10 DT30.5.N84 2004 46004003987 07/12/2017 15/03/2017 1 05/03/2013 Monograph ( Printed materials)

 

Arrupe Library. PO Box MP320 Mt Pleasant, Harare, Zimbabwe
263 242 745411|librarian@aju.ac.zw